A textbook of cost accountancy : (for MCom, MBA, CA, ICWA, CS and other equivalent courses)
Αποθηκεύτηκε σε:
| Κύριος συγγραφέας: | |
|---|---|
| Μορφή: | Βιβλίο |
| Γλώσσα: | English |
| Δημοσίευση: |
New Delhi :
Vicas Publishind House Pvt Ltd,
c1984
|
| Έκδοση: | 4th ed., rev. |
| Θέματα: | |
| Ετικέτες: |
Προσθήκη ετικέτας
Δεν υπάρχουν, Καταχωρήστε ετικέτα πρώτοι!
|
MARC
| LEADER | 00000nam a2200000 i 4500 | ||
|---|---|---|---|
| 001 | 1/56326 | ||
| 008 | 980505s1984 eng d | ||
| 020 | |a 0706999592 | ||
| 035 | |l 10028004 | ||
| 040 | |a GR-MY-UA |b gre |e aacr | ||
| 041 | 0 | |a eng | |
| 082 | 0 | |a 657.42 | |
| 100 | 1 | |a Arona, M. N. | |
| 245 | 1 | 2 | |a A textbook of cost accountancy : |b (for MCom, MBA, CA, ICWA, CS and other equivalent courses) / |c M.N. Arona |
| 250 | |a 4th ed., rev. | ||
| 260 | |a New Delhi : |b Vicas Publishind House Pvt Ltd, |c c1984 | ||
| 300 | |a xiv, 1104 σ. | ||
| 650 | 0 | 0 | |a Cost accounting. |
| 852 | |a INST |b CHIOS |e 19980505 |h 657.42 ARO |p 005200016595 |q 005200016595 |t BK |y 0 | ||
| 901 | |a BIBL-1998-5 | ||
| 909 | |a Χ |b 054477 | ||
| 922 | |a 2ΕΛΗ |b 199803 |c ΡΟΓΔΑΚΗ |d ΚΩΣΤΑΡΑΚΗΣ | ||